[Event "Almeria Sola Memorial-B 2nd"]
[Site "Almeria"]
[Date "2015.12.18"]
[Round "2"]
[White "Alonso Garcia, Aaron"]
[Black "Torres Lopez, Jose"]
[Result "1-0"]
[WhiteElo "1898"]
[BlackElo "1186"]
[PlyCount "73"]
[EventDate "2015.12.18"]
[EventType "swiss"]
[EventRounds "7"]
[EventCountry "ESP"]
[SourceTitle "CBM 170 Extra"]
[Source "ChessBase"]
[SourceDate "2016.02.25"]
[SourceVersion "1"]
[SourceVersionDate "2016.02.25"]
[SourceQuality "1"]

1. e4 d6 2. d4 g6 3. Nc3 Bg7 4. Be3 Nd7 5. Qd2 Ngf6 6. f3 c6 7. 0-0-0 b5 8. Bh6 Bxh6 9. Qxh6 Bb7 10. e5 Nd5 11. Nxd5 cxd5 12. exd6 e6 13. Bxb5 Qb6 14. Qg7 0-0-0 15. Bxd7+ Kxd7 16. Qxf7+ Kxd6 17. Re1 Rde8 18. Qf6 Rhg8 19. Ne2 g5 20. Ng3 Kd7 21. Qf7+ Kd6 22. Nf5+ Kc6 23. Rxe6+ Rxe6 24. Qxe6+ Kc7 25. Qxg8 Bc8 26. Ne7 Be6 27. Nxd5+ Bxd5 28. Qxd5 Qf6 29. Qe5+ Qd6 30. Qxd6+ Kxd6 31. c4 h5 32. Re1 a5 33. Kd2 a4 34. d5 Kc5 35. Kc3 h4 36. Re6 a3 37. b4# 1-0